Quizzes
Events
Quiz Creation
Community
Videos
Private Events
Remove Ads
Sign In
Join for FREE
Feedback
Dark Mode
Quiz Categories
Sports
Geography
Music
Movies
Television
Just For Fun
Miscellaneous
History
Literature
Language
Science
Gaming
Entertainment
Religion
Holiday
For Kids
Quiz Lab
Recent
Popular Today
Quiz Kudos Today
Editor Picks
Curator Picks
Quizzes by...
Day
Popularity
Type
Ratings
Length
Year
Community
Subscriptions
Recent Discussions
Orange Saloon
Badges
Playlists
Quests
Create
Leaderboards
Showdown
Live 5
Trivia Bingo
Activity
Puzzle Library
Sporcle Events
Private Events
Virtual Trivia
Globe League
Become a Host
Pub Owners
SporcleCon
Opinionation
Our Games
Videos
Blog
Mobile Apps
Partnerships
Remove Ads and Go Orange
Feedback
Television
TV Characters
TV Show
Sitcom
Network
Friends
Reality Shows
Cast
South Park
Star Trek
The Simpsons
Doctor Who
Television
TV Characters
TV Show
Sitcom
Network
Friends
Reality Shows
Cast
South Park
Star Trek
The Simpsons
Doctor Who
Random Quiz
Search Sporcle
×
Quiz Lab
Quiz Lab
Television
SVU
Type in answers that appear in a list
Type in answers that appear in a list
Classic
Best Score? Go Orange.
Law & Order SVU Stats
Can you name the Law & Order SVU?
By
Mikec910
3m
23 Questions
258 Plays
258 Plays
258 Plays
Comments
Comments
Give Quiz Kudos
Give Quiz Kudos
-
- Ratings
hide this ad
Random Order
Randomize order of answers
Randomize order of answers
Replay
Link that replays current quiz
Next Quiz
Link to next quiz in quiz playlist
You Got
0%
They Got
Avg Score
49%
Avg Friend Score
Upgrade to see
Score Distribution
Jump to the score distribution portion of the page
Score
0/23
Timer
03:00
0
Plays Today
Characters in SVU Season 1-12
% Correct
Marisa Hargitay
Olivia Benson
86%
Christopher Meloni
Elliot Stabler
82.9%
Richard Belzer
John Munch
79.8%
Ice T
Fin Tutuola
71.3%
Isabel Gillies
Kathy Stabler
70.5%
Stephanie March
Alexandra Cabot
68.2%
Allison Siko
Kathleen Stabler
66.3%
Don Flarek
Don Cragen
64.3%
Diane Neal
Casey Novak
64.3%
BD Wong
George Huang
61.2%
Tamara Tunie
Dr Melina Warner
55.4%
Adam Beach
Chester Lake
53.9%
Characters in SVU Season 1-12
% Correct
Michaela McManus
Kim Greylek
35.7%
Sam Waterston
Jack McCoy
33.7%
Christine Lahti
Sonya Paxton
31%
Michelle Hurd
Monique Jefferies
30.6%
Judith Light
Elizabeth Donnelly
30.2%
Fred Dalton Thompson
Arthur Branch
28.3%
Peter Hermann
Trevor Langan
26.7%
Joel De La Fuenta
Ruben Morales
25.2%
Mike Doyle
Ryan Ohalloran
22.5%
Sharon Stone
Jo Marlowe
22.1%
Joanna Merlin
Judge Lena Petrovsky
17.8%
Quiz Playlist
Details
Report
Send in Message
Add To Playlist
Classic:
Type in answers that appear in a list
Random Order:
Randomize order of answers
Last Updated: Feb 16, 2017
Quiz Scoreboard
CHALLENGE
Sign Up to Join the Scoreboard
Show All
Scores
Hide
Comments
May contain spoilers
Recently Published
1-10 Letter E Words III
by El_Dandy
Language
2m
One Thing in Common: World Cities II
by knightlancer
Geography
7m
Popular People in 1961
by mucciniale
History
6m
More to Explore
Quiz From the Vault
Featured Blog Post
Where Did the Easter Bunny Come From?
hide this ad
You Might Also Like...
Tags
Character
Law
Law and Order
Order
season
SVU
Today's Top Quizzes in Television
Browse Television
hide this ad
Today's Top Quizzes in SVU
Browse SVU
Top Contributed Quizzes in Television
1
One Piece Logic Puzzle
2
Survivor Logic Puzzle: Heroes vs. Villains
3
Survivor Seasons
4
Survivor Season by Logo
5
Ultimate Survivor Logic Puzzle
6
Survivor Logic Puzzle: Winners at War
7
Survivor Trivia
8
Survivor Heroes vs. Villains Logic Puzzle
9
All US Survivor Seasons in Order
10
Emmerdale Characters (from August 2012)
Explore More
Trending Topics
NBA
Disney
Harry Potter
Marvel
Anime
Crossword
Kpop
Soccer
WWE
Puzzle
Country
The Office
Song
NFL
Pokémon
hide this ad
More By:
Mikec910
Quiz
Plays
Rating
Category
Featured
Created
Law & Order SVU
258
1.00
Television
Nov 18, 2010
Go to Creator's Profile
Score Distribution
Quiz Creator Spotlight
Mikec910
Follow
Send a Message
Quizzes Created
-
Created Quiz Play Count
-
More By This Creator
Popular Quizzes Today
1
Find the US States - No Outlines Minefield
2
The Countries of the World
3
Popular People in 1961
4
Find the Countries of Europe - No Outlines Minefield
5
1-10 Letter E Words III
6
Find the US States
7
One Thing in Common: World Cities II
8
US States
More Television Quizzes
The Office: Which Season?
Curator's Pick
Trending Quizzes
1-10 Letter F Words
One Thing in Common: Music
1-10 Letter G Words
Risky Map Clicking: Next State Alphabetically
1-10 Letter F Words II
Recently Updated
Leaping Animals
pecheneg
Reality TV Shows (A-Z)
bhenderson79
Rickey Henderson's Hall of Fame Teammates
pecheneg
Champions League XIs: Arsenal
pecheneg
Quick Pick: Celebrities in WWE's Hall of Fame
aduchscher
A-Z Keypad Blitz II
pecheneg
Multiple Oscar Actors
pecheneg
Mystery Phrase Blitz: Oscar 'Best Actors'
pecheneg
F. Scott Fitzgerald Novels
LTH
Pick 3 Villains
ddd62291
Trending Topics
Kpop
Crossword
NBA
Disney
Anime
Harry Potter
Marvel
Puzzle
Soccer
The Office
Song
NFL
WWE
Pokémon
Country
Your Account Isn't Verified!
In order to create a playlist on Sporcle, you need to verify the email address you used during registration. Go to your
Sporcle Settings
to finish the process.
Report this User
Report this user for behavior that violates our
Community Guidelines
.
Details:
Send Report
Go to the Sporcle.com Mobile Site →
Comments